LEADER 02330nam 2200421 450 001 9910136192103321 005 20230808200110.0 010 $a88-921-5966-6 035 $a(CKB)3710000000916200 035 $a(MiAaPQ)EBC4721268 035 $a(EXLCZ)993710000000916200 100 $a20161103h20162016 uy 0 101 0 $aita 135 $aurcnu|||||||| 181 $2rdacontent 182 $2rdamedia 183 $2rdacarrier 200 00$aDinamiche dell'estorsione e risposte di contrasto tra diritto e societa? /$fa cura di Antonio La Spina e Vincenzo Militello 210 1$aTorino, [Italy] :$cG. Giappichelli Editore,$d2016. 210 4$dİ2016 215 $a1 online resource (273 pages) 311 $a88-921-0380-6 327 $aIntroduzione : un approccio interdisciplinare al fenomeno dell'estorsione / Antonio La Spina, Vincenzo Militello -- Contrasto alle organizzazioni di tipo mafioso e sistema penale italiano / Vincenzo Militello -- L'imprenditore estorto acquiescente tra coazione morale e liberta? del volere / Licia Siracusa -- Crime mapping e controllo del territorio : dai professionisti della protezione ai dilettanti della predazione / Attilio Scaglione -- Un approccio analitico al processo estorsivo : dall'intimidazione alla reazione / Valentina Punzo -- Racket : vittime, ribelli e spinte sociali : percorsi di un'analisi quali-quantitativa / Giovanni Frazzica -- Estorsioni e intimidazioni nelle statistiche sulla delittuosita? : una nota sui dati / Raffaella Milia -- Scienze sociali computazionali e fenomeni criminali : una ricognizione / Alberto Trobia -- La "razionalita?" delle vittime di estorsione e l'impatto dell'overload informativo / Anna Fici -- Estorsori, estorti, collusi, controllo mafioso dell'economia : una nuova tassonomia e una proposta di politica del diritto / Antonio La Spina. 606 $aExtortion 606 $aCorrections$zItaly 610 $aGlodders (Research project) 615 0$aExtortion. 615 0$aCorrections 676 $a364.165 702 $aLa Spina$b Antonio 702 $aMilitello$b Vincenzo 801 0$bMiAaPQ 801 1$bMiAaPQ 801 2$bMiAaPQ 906 $aBOOK 912 $a9910136192103321 996 $aDinamiche dell'estorsione e risposte di contrasto tra diritto e societa?$92894952 997 $aUNINA LEADER 02777nam0 22006253i 450 001 VAN00283129 005 20250108123219.360 017 70$2N$a9789813360846 100 $a20241119d2021 |0itac50 ba 101 $aeng 102 $aSG 105 $a|||| ||||| 181 $ai$b e 182 $ab 200 1 $aModern Techniques of Spectroscopy$eBasics, Instrumentation, and Applications$fDheeraj Kumar Singh, Manik Pradhan, Arnulf Materny editors 210 $aSingapore$cSpringer$d2021 215 $axix, 660 p.$cill.$d24 cm 410 1$1001VAN00108129$12001 $aProgress in Optical Science and Photonics$1210 $aCham$cSpringer$d2013-$v13 606 $a00A79 (77-XX)$xPhysics [MSC 2020]$3VANC023182$2MF 606 $a78A60$xLasers, masers, optical bistability, nonlinear optics [MSC 2020]$3VANC029030$2MF 606 $a81-XX$xQuantum theory [MSC 2020]$3VANC019967$2MF 606 $a81V35$xNuclear physics [MSC 2020]$3VANC023270$2MF 610 $aCavity Ring-Down Spectroscopy$9KW:K 610 $aCavity-enhanced absorption spectroscopy$9KW:K 610 $aCoherent Anti-Stokes Raman Scatering$9KW:K 610 $aEllipsometry Spectroscopy$9KW:K 610 $aFluorescence spectroscopy$9KW:K 610 $aIR absorption spectroscopy$9KW:K 610 $aLaser-Induced Breakdown Spectroscopy$9KW:K 610 $aNuclear Materials$9KW:K 610 $aNuclear magnetic resonance spectroscopy$9KW:K 610 $aPhotoacoustic Spectroscopy$9KW:K 610 $aQuantum Cascade Laser spectroscopy$9KW:K 610 $aRaman spectroscopy$9KW:K 610 $aSum-Frequency Generation$9KW:K 610 $aSurface Enhanced Raman Spectroscopy$9KW:K 610 $aTerahertz Spectroscopy$9KW:K 610 $aTip-Enhanced Raman Scattering$9KW:K 610 $aUV-Visible absorption spectroscopy$9KW:K 610 $aVibrational spectroscopy$9KW:K 610 $aWavelength Modulation Spectroscopy$9KW:K 610 $aX-Ray Photoelectron Spectroscopy$9KW:K 620 $aSG$dSingapore$3VANL000061 702 1$aMaterny$bArnulf$3VANV186499 702 1$aPradhan$bManik$3VANV236358 702 1$aSingh$bDheeraj Kumar$3VANV186497 712 $aSpringer $3VANV108073$4650 801 $aIT$bSOL$c20250110$gRICA 856 4 $uhttp://doi.org/10.1007/978-981-33-6084-6$zE-book ? Accesso al full-text attraverso riconoscimento IP di Ateneo, proxy e/o Shibboleth 899 $aBIBLIOTECA DEL DIPARTIMENTO DI MATEMATICA E FISICA$1IT-CE0120$2VAN08 912 $fN 912 $aVAN00283129 950 $aBIBLIOTECA DEL DIPARTIMENTO DI MATEMATICA E FISICA$d08DLOAD e-Book 9813 $e08eMF9813 20241127 996 $aModern techniques of spectroscopy$92831024 997 $aUNICAMPANIA